लोड हो रहा है...
Linear programming and economic analysis
| मुख्य लेखक: | |
|---|---|
| अन्य लेखक: | , |
| स्वरूप: | Printed Book |
| भाषा: | Undetermined English |
| प्रकाशित: |
Tokyo
McGraw -Hill Koga kusha Ltd
1958
|
| विषय: |
| LEADER | 00637nam a2200205Ia 4500 | ||
|---|---|---|---|
| 008 | 140306s9999 xx 000 0 und d | ||
| 041 | |a eng | ||
| 082 | |a 519 |b DOR/LI | ||
| 100 | |a Dorfman, R | ||
| 700 | |a Samuelson, P A | ||
| 700 | |a Solow, R M | ||
| 245 | |a Linear programming and economic analysis | ||
| 260 | |a Tokyo |b McGraw -Hill Koga kusha Ltd |c 1958 | ||
| 300 | |a 527 | ||
| 365 | |b Rs .175 .00 | ||
| 650 | |a Algebra | ||
| 650 | |a Statitics | ||
| 942 | |2 ddc |c BK | ||
| 999 | |c 118315 |d 118315 | ||
| 952 | |0 0 |1 0 |2 ddc |4 0 |6 519_000000000000000_DORLI |7 0 |9 117294 |a KAUHCV |b KAUHCV |d 2002-05-03 |g 175.00 |o 519 DOR/LI |p KAU_HCV-17483 |r 2014-03-22 |w 2014-03-22 |y BK | ||